[Event "SA-2019-0-00679"]
[Site "LSS email"]
[Date "2019.04.17"]
[Round "?"]
[White "Donzellotti, Giuseppe"]
[Black "Pupo Perez, Hector"]
[Result "1/2-1/2"]
[WhiteElo "2115"]
[BlackElo "2243"]
[PlyCount "53"]
[EventDate "2019.03.18"]
[EventType "tourn (corr)"]
[EventRounds "6"]
[EventCountry "GER"]
[SourceTitle "Corr 2022"]
[Source "ChessBase"]
[SourceDate "2021.10.24"]
[SourceVersion "1"]
[SourceVersionDate "2021.10.24"]
[SourceQuality "1"]

1. e4 c5 2. Nf3 e6 3. c3 d5 4. exd5 Qxd5 5. d4 Nf6 6. Na3 Nc6 7. Be3 cxd4 8. Nb5 Qd8 9. Nbxd4 Nd5 10. Nxc6 bxc6 11. Bd2 Bb7 12. Bd3 Bd6 13. 0-0 0-0 14. Qe2 Qc7 15. Qe4 g6 16. c4 Nf6 17. Qd4 Nh5 18. c5 Be7 19. Qe3 Rfd8 20. Bc4 Nf6 21. Rad1 Nd5 22. Qa3 a5 23. Rfe1 a4 24. Ne5 f6 25. Ng4 e5 26. f4 Bc8 27. Nh6+ 1/2-1/2

[Event "SA-2018-0-00656"]
[Site "LSS email"]
[Date "2018.11.07"]
[Round "?"]
[White "Plutarco, Fosca"]
[Black "Donzellotti, Giuseppe"]
[Result "1/2-1/2"]
[WhiteElo "2131"]
[BlackElo "2105"]
[PlyCount "49"]
[EventDate "2018.09.30"]
[EventType "tourn (corr)"]
[EventRounds "6"]
[EventCountry "GER"]
[SourceTitle "Corr 2022"]
[Source "ChessBase"]
[SourceDate "2021.10.24"]
[SourceVersion "1"]
[SourceVersionDate "2021.10.24"]
[SourceQuality "1"]

1. d4 Nf6 2. Nf3 d5 3. g3 c6 4. Bg2 Bf5 5. 0-0 h6 6. c4 e6 7. Qb3 Qb6 8. c5 Qxb3 9. axb3 Na6 10. Nc3 Nd7 11. Bd2 g5 12. h3 Bg7 13. Rfe1 Be4 14. e3 f5 15. Nxe4 fxe4 16. Nh2 0-0 17. Ba5 e5 18. Red1 exd4 19. exd4 b6 20. Bc3 Nc7 21. b4 bxc5 22. bxc5 a5 23. Ra2 Nb5 24. Bf1 a4 25. Ng4 1/2-1/2

[Event "SA-2018-0-00618"]
[Site "LSS email"]
[Date "2018.01.12"]
[Round "?"]
[White "Donzellotti, Giuseppe"]
[Black "Jarabinsky, Martin"]
[Result "1/2-1/2"]
[WhiteElo "2082"]
[BlackElo "2260"]
[PlyCount "29"]
[EventDate "2017.12.17"]
[EventType "tourn (corr)"]
[EventRounds "6"]
[EventCountry "GER"]
[SourceTitle "Corr 2022"]
[Source "ChessBase"]
[SourceDate "2021.10.24"]
[SourceVersion "1"]
[SourceVersionDate "2021.10.24"]
[SourceQuality "1"]

1. e4 e5 2. Nf3 Nc6 3. Bc4 Bc5 4. d3 Nf6 5. 0-0 0-0 6. Nbd2 d6 7. c3 a5 8. h3 Be6 9. a4 h6 10. Re1 Bxc4 11. Nxc4 Re8 12. Be3 Bxe3 13. Nxe3 Qd7 14. Nh2 Nd8 15. Nhg4 1/2-1/2

[Event "SA-2017-0-00585"]
[Site "LSS email"]
[Date "2017.07.03"]
[Round "?"]
[White "Cvak, Rudolf"]
[Black "Donzellotti, Giuseppe"]
[Result "1/2-1/2"]
[WhiteElo "2353"]
[BlackElo "2078"]
[PlyCount "58"]
[EventDate "2017.06.20"]
[EventType "tourn (corr)"]
[EventRounds "6"]
[EventCountry "GER"]
[SourceTitle "Corr 2022"]
[Source "ChessBase"]
[SourceDate "2021.10.24"]
[SourceVersion "1"]
[SourceVersionDate "2021.10.24"]
[SourceQuality "1"]

1. e4 e5 2. Nf3 Nc6 3. Bb5 a6 4. Ba4 Nf6 5. 0-0 b5 6. Bb3 Bc5 7. c3 d6 8. d4 Bb6 9. a4 Bb7 10. Bg5 h6 11. Bxf6 Qxf6 12. axb5 axb5 13. Rxa8+ Bxa8 14. d5 Ne7 15. Qd3 c6 16. dxc6 Bxc6 17. Rd1 Bc7 18. Na3 0-0 19. Qe2 Rb8 20. Nc2 Qg6 21. Nb4 Qxe4 22. Qxe4 Bxe4 23. Na6 Rb7 24. Nxe5 dxe5 25. Nc5 Rb8 26. Nxe4 b4 27. Bc4 bxc3 28. bxc3 Kf8 29. g4 Rd8 1/2-1/2

[Event "SA-2016-0-00553"]
[Site "LSS email"]
[Date "2016.12.06"]
[Round "?"]
[White "Dehaybe, Andre"]
[Black "Donzellotti, Giuseppe"]
[Result "1-0"]
[WhiteElo "2166"]
[BlackElo "2083"]
[PlyCount "105"]
[EventDate "2016.11.16"]
[EventType "tourn (corr)"]
[EventRounds "6"]
[EventCountry "GER"]
[SourceTitle "Corr 2022"]
[Source "ChessBase"]
[SourceDate "2021.10.24"]
[SourceVersion "1"]
[SourceVersionDate "2021.10.24"]
[SourceQuality "1"]

1. d4 d5 2. Nf3 Nf6 3. e3 Bf5 4. c4 e6 5. Nc3 Bb4 6. Qa4+ Nc6 7. Ne5 0-0 8. Nxc6 Bxc3+ 9. bxc3 bxc6 10. f3 Qd7 11. cxd5 cxd5 12. Qxd7 Nxd7 13. Ba3 Rfb8 14. Kf2 Nb6 15. h4 Bc2 16. Rc1 Ba4 17. c4 c6 18. cxd5 Nxd5 19. Bd3 Nb4 20. Bb1 a5 21. g4 Bb5 22. Rhd1 Rb7 23. Rd2 h6 24. h5 Rb6 25. f4 Kf8 26. Kf3 Ke7 27. e4 Rd8 28. Bb2 f6 29. f5 e5 30. a3 Nd3 31. Bxd3 Bxd3 32. Bc3 Ba6 33. dxe5 Rxd2 34. exf6+ gxf6 35. Bxd2 Rb3+ 36. Be3 Bb5 37. a4 Bxa4 38. Ra1 Bb5 39. Rxa5 c5 40. Ra7+ Ke8 41. Rc7 c4 42. e5 Kd8 43. Rc5 Ke7 44. exf6+ Kxf6 45. Ke4 c3 46. Bxh6 c2 47. g5+ Ke7 48. g6 Ba4 49. Rc7+ Kd8 50. Rc4 Bb5 51. Bg5+ Kd7 52. Rd4+ Kc7 53. g7 1-0

[Event "SA-2016-0-00553"]
[Site "LSS email"]
[Date "2016.12.06"]
[Round "?"]
[White "Donzellotti, Giuseppe"]
[Black "Remde, Alexander"]
[Result "1/2-1/2"]
[WhiteElo "2083"]
[BlackElo "2168"]
[PlyCount "60"]
[EventDate "2016.11.16"]
[EventType "tourn (corr)"]
[EventRounds "6"]
[EventCountry "GER"]
[SourceTitle "Corr 2022"]
[Source "ChessBase"]
[SourceDate "2021.10.24"]
[SourceVersion "1"]
[SourceVersionDate "2021.10.24"]
[SourceQuality "1"]

1. e4 c5 2. Nf3 g6 3. d4 cxd4 4. Qxd4 Nf6 5. e5 Nc6 6. Qa4 Nd5 7. Qe4 Nc7 8. Nc3 Bg7 9. Bf4 b5 10. 0-0-0 b4 11. Nd5 Nxd5 12. Qxd5 0-0 13. h4 e6 14. Qd6 Qa5 15. Kb1 h5 16. Bc4 Bb7 17. Rhe1 Rac8 18. Bb3 Qb6 19. Be3 Qc7 20. Qxd7 Na5 21. Qxc7 Rxc7 22. Bf4 Nxb3 23. cxb3 Rfc8 24. Re2 Bxf3 25. gxf3 Rc5 26. Rd4 a5 27. Ree4 Rb8 28. Bg3 Kf8 29. f4 Ke8 30. f3 Bf8 1/2-1/2

[Event "SA-2016-0-00553"]
[Site "LSS email"]
[Date "2016.12.06"]
[Round "?"]
[White "Donzellotti, Giuseppe"]
[Black "Vaassen, Jack M"]
[Result "1/2-1/2"]
[WhiteElo "2083"]
[BlackElo "2177"]
[PlyCount "56"]
[EventDate "2016.11.16"]
[EventType "tourn (corr)"]
[EventRounds "6"]
[EventCountry "GER"]
[SourceTitle "Corr 2022"]
[Source "ChessBase"]
[SourceDate "2021.10.24"]
[SourceVersion "1"]
[SourceVersionDate "2021.10.24"]
[SourceQuality "1"]

1. e4 g6 2. d4 Bg7 3. Nc3 d6 4. f4 Nf6 5. Nf3 0-0 6. Bd3 Nc6 7. 0-0 e5 8. fxe5 dxe5 9. d5 Nd4 10. Nxe5 Nxd5 11. Nxd5 Bxe5 12. Bf4 Nc6 13. Qd2 Be6 14. Bxe5 Nxe5 15. Nf6+ Kg7 16. Qc3 Qd6 17. Rad1 Rad8 18. Be2 Qb6+ 19. Kh1 Rxd1 20. Nh5+ gxh5 21. Qxe5+ f6 22. Qg3+ Kh8 23. Rxd1 Qxb2 24. Qxc7 Bxa2 25. Qd6 Kg8 26. Qg3+ Kh8 27. Qd6 Kg8 28. Qg3+ Kh8 1/2-1/2

[Event "SA-2016-0-00511"]
[Site "LSS email"]
[Date "2016.03.14"]
[Round "?"]
[White "Donzellotti, Giuseppe"]
[Black "Sorcinelli, Andrea"]
[Result "1/2-1/2"]
[WhiteElo "2096"]
[BlackElo "2245"]
[PlyCount "52"]
[EventDate "2016.02.13"]
[EventType "tourn (corr)"]
[EventRounds "6"]
[EventCountry "GER"]
[SourceTitle "Corr 2022"]
[Source "ChessBase"]
[SourceDate "2021.10.24"]
[SourceVersion "1"]
[SourceVersionDate "2021.10.24"]
[SourceQuality "1"]

1. e4 e5 2. Nf3 Nc6 3. Bb5 a6 4. Ba4 Nf6 5. d4 exd4 6. 0-0 Be7 7. Re1 b5 8. e5 Nxe5 9. Rxe5 d6 10. Re1 bxa4 11. Nxd4 Bd7 12. Qf3 0-0 13. Nc6 Bxc6 14. Qxc6 d5 15. Qxa4 Bc5 16. Nc3 Rb8 17. a3 h6 18. h3 Qd6 19. Rb1 g5 20. Bd2 Ba7 21. b3 Kg7 22. Rbd1 Rfd8 23. Re2 Re8 24. Be3 Bxe3 25. Rxe3 Rxe3 26. fxe3 Rd8 1/2-1/2

[Event "SA-2016-0-00511"]
[Site "LSS email"]
[Date "2016.03.14"]
[Round "?"]
[White "Jarabinsky, Martin"]
[Black "Donzellotti, Giuseppe"]
[Result "1/2-1/2"]
[WhiteElo "2200"]
[BlackElo "2096"]
[PlyCount "62"]
[EventDate "2016.02.13"]
[EventType "tourn (corr)"]
[EventRounds "6"]
[EventCountry "GER"]
[SourceTitle "Corr 2022"]
[Source "ChessBase"]
[SourceDate "2021.10.24"]
[SourceVersion "1"]
[SourceVersionDate "2021.10.24"]
[SourceQuality "1"]

1. e4 e5 2. Nf3 Nc6 3. Bb5 a6 4. Ba4 Nf6 5. 0-0 b5 6. Bb3 Bc5 7. a4 Bb7 8. d3 0-0 9. Nc3 b4 10. Nd5 h6 11. Be3 Nd4 12. Nxd4 Bxd4 13. Nxf6+ Qxf6 14. Bxd4 exd4 15. Qh5 d6 16. f4 Rae8 17. Rae1 Kh7 18. a5 c5 19. g4 Qg6 20. Qxg6+ Kxg6 21. Kf2 Kf6 22. h4 Ke7 23. Kg3 Bc6 24. f5 Kf6 25. Kf4 g5+ 26. Kg3 Bb7 27. Rh1 Kg7 28. Re2 f6 29. Reh2 Rh8 30. Be6 Bc6 31. Rf1 Rb8 1/2-1/2

[Event "SA-2016-0-00511"]
[Site "LSS email"]
[Date "2016.03.14"]
[Round "?"]
[White "Silva Filho, Alcindo Luz Bastos"]
[Black "Donzellotti, Giuseppe"]
[Result "1/2-1/2"]
[WhiteElo "2118"]
[BlackElo "2096"]
[PlyCount "51"]
[EventDate "2016.02.13"]
[EventType "tourn (corr)"]
[EventRounds "6"]
[EventCountry "GER"]
[SourceTitle "Corr 2022"]
[Source "ChessBase"]
[SourceDate "2021.10.24"]
[SourceVersion "1"]
[SourceVersionDate "2021.10.24"]
[SourceQuality "1"]

1. e4 e5 2. Nf3 Nc6 3. Bb5 a6 4. Ba4 Nf6 5. 0-0 b5 6. Bb3 Bb7 7. Re1 Bc5 8. c3 Bb6 9. d4 0-0 10. Be3 d6 11. Nbd2 h6 12. h3 exd4 13. cxd4 Nb4 14. Qb1 c5 15. a3 Nc6 16. e5 dxe5 17. dxc5 Bc7 18. Ba2 Ne7 19. Qc2 Qd7 20. Rad1 Qf5 21. Bb1 Qxc2 22. Bxc2 Ned5 23. Nf1 Nxe3 24. Nxe3 Rfd8 25. Nd2 e4 26. b4 1/2-1/2

[Event "SA-2015-0-00467"]
[Site "LSS email"]
[Date "2015.04.17"]
[Round "?"]
[White "Donzellotti, Giuseppe"]
[Black "Khanas, Valeriy"]
[Result "1/2-1/2"]
[WhiteElo "2101"]
[BlackElo "2284"]
[PlyCount "59"]
[EventDate "2015.03.09"]
[EventType "tourn (corr)"]
[EventRounds "6"]
[EventCountry "GER"]
[SourceTitle "Corr 2022"]
[Source "ChessBase"]
[SourceDate "2021.10.24"]
[SourceVersion "1"]
[SourceVersionDate "2021.10.24"]
[SourceQuality "1"]

1. e4 c5 2. Nf3 d6 3. d4 cxd4 4. Qxd4 Nc6 5. Bb5 Bd7 6. Qd3 Nf6 7. c4 g6 8. Nc3 Bg7 9. 0-0 0-0 10. h3 Nb4 11. Qe2 a6 12. Bxd7 Nxd7 13. Bd2 Nc6 14. Rac1 Rc8 15. Be3 Re8 16. Rfd1 Qc7 17. b3 Qd8 18. Qd2 Nc5 19. Nd4 Qa5 20. Nxc6 bxc6 21. Bd4 Rb8 22. Bxg7 Kxg7 23. f4 Qa3 24. Qe3 a5 25. e5 a4 26. exd6 exd6 27. Qd4+ Kg8 28. bxa4 Nxa4 29. Nxa4 Qxa4 30. Qxd6 1/2-1/2

[Event "SA-2015-0-00467"]
[Site "LSS email"]
[Date "2015.04.16"]
[Round "?"]
[White "Donzellotti, Giuseppe"]
[Black "Vodicka, Milan"]
[Result "1/2-1/2"]
[WhiteElo "2101"]
[BlackElo "2013"]
[PlyCount "49"]
[EventDate "2015.03.09"]
[EventType "tourn (corr)"]
[EventRounds "6"]
[EventCountry "GER"]
[SourceTitle "Corr 2022"]
[Source "ChessBase"]
[SourceDate "2021.10.24"]
[SourceVersion "1"]
[SourceVersionDate "2021.10.24"]
[SourceQuality "1"]

1. e4 c5 2. Nf3 Nc6 3. Bb5 d6 4. 0-0 Bd7 5. Re1 Nf6 6. a4 e6 7. c3 Be7 8. d4 cxd4 9. cxd4 0-0 10. Nc3 Nb4 11. d5 exd5 12. exd5 a5 13. Bd3 h6 14. Bf1 Bg4 15. Be2 Bf5 16. Nd4 Bg6 17. Bd2 Nd7 18. Ncb5 Nc5 19. Bxb4 axb4 20. Qd2 Rxa4 21. Rxa4 Nxa4 22. Qxb4 Nc5 23. Qc4 Bf6 24. Bf1 Qd7 25. g3 1/2-1/2

[Event "SA-2014-0-00409"]
[Site "LSS email"]
[Date "2014.06.02"]
[Round "?"]
[White "Cimicki, Dariusz"]
[Black "Donzellotti, Giuseppe"]
[Result "1/2-1/2"]
[WhiteElo "2255"]
[BlackElo "2099"]
[PlyCount "44"]
[EventDate "2014.05.07"]
[EventType "tourn (corr)"]
[EventRounds "6"]
[EventCountry "GER"]
[SourceTitle "Corr 2022"]
[Source "ChessBase"]
[SourceDate "2021.10.24"]
[SourceVersion "1"]
[SourceVersionDate "2021.10.24"]
[SourceQuality "1"]

1. e4 e5 2. Nf3 Nc6 3. Bb5 Bc5 4. 0-0 Nd4 5. Nxd4 Bxd4 6. c3 Bb6 7. d4 c6 8. Bc4 d6 9. Be3 Nf6 10. Nd2 0-0 11. Bb3 Ng4 12. Qf3 Qe7 13. a4 Nxe3 14. fxe3 Be6 15. a5 Bc7 16. d5 Bd7 17. Qe2 a6 18. dxc6 bxc6 19. Bc4 Bc8 20. b4 Bb7 21. Nb3 Kh8 22. Rad1 f6 1/2-1/2

[Event "SA-2014-0-00409"]
[Site "LSS email"]
[Date "2014.06.02"]
[Round "?"]
[White "Donzellotti, Giuseppe"]
[Black "Lubas, Jozef"]
[Result "1/2-1/2"]
[WhiteElo "2099"]
[BlackElo "2160"]
[PlyCount "52"]
[EventDate "2014.05.07"]
[EventType "tourn (corr)"]
[EventRounds "6"]
[EventCountry "GER"]
[SourceTitle "Corr 2022"]
[Source "ChessBase"]
[SourceDate "2021.10.24"]
[SourceVersion "1"]
[SourceVersionDate "2021.10.24"]
[SourceQuality "1"]

1. f4 d5 2. Nf3 Nf6 3. e3 Nc6 4. b3 Bg4 5. Bb2 e6 6. Bb5 Qd6 7. 0-0 a6 8. Be2 Bf5 9. c4 Be7 10. Ne5 h6 11. d4 0-0 12. Nc3 Qd8 13. g4 Bh7 14. Bf3 Bb4 15. cxd5 Nxd5 16. Nxd5 exd5 17. Rc1 Nxe5 18. dxe5 c6 19. Qd4 Qe7 20. f5 Rfe8 21. e4 c5 22. Qf2 d4 23. a3 Ba5 24. b4 cxb4 25. axb4 Bxb4 26. Qxd4 Rad8 1/2-1/2

[Event "SA-2014-0-00391"]
[Site "LSS email"]
[Date "2014.01.30"]
[Round "?"]
[White "Van Bommel, Ton"]
[Black "Donzellotti, Giuseppe"]
[Result "1/2-1/2"]
[WhiteElo "1841"]
[BlackElo "2027"]
[PlyCount "76"]
[EventDate "2014.01.03"]
[EventType "tourn (corr)"]
[EventRounds "6"]
[EventCountry "GER"]
[SourceTitle "Corr 2015"]
[Source "ChessBase"]
[SourceDate "2015.07.17"]
[SourceVersion "1"]
[SourceVersionDate "2015.07.17"]
[SourceQuality "1"]

1. e4 e5 2. Nc3 Nf6 3. Bc4 Nc6 4. Nf3 Bc5 5. 0-0 d6 6. d3 h6 7. Na4 Bb6 8. Nxb6 axb6 9. a4 0-0 10. Re1 Be6 11. Bxe6 fxe6 12. Bd2 Qe7 13. c3 Qf7 14. b4 Nh5 15. Be3 Nf4 16. Bxf4 Qxf4 17. Kh1 Ne7 18. d4 Ng6 19. Qb3 Rae8 20. dxe5 Nxe5 21. Nxe5 Qxe5 22. f3 Rf4 23. h3 Ref8 24. c4 g5 25. a5 h5 26. axb6 cxb6 27. Rg1 g4 28. Ra3 Kh7 29. Qd1 Rg8 30. g3 Rff8 31. Qe2 gxf3 32. Rxf3 d5 33. cxd5 exd5 34. Re3 d4 35. Rf3 Rxf3 36. Qxf3 Re8 37. Kh2 Kg6 38. Rf1 Re7 1/2-1/2

[Event "SA-2013-0-00383"]
[Site "LSS email"]
[Date "2013.12.15"]
[Round "?"]
[White "Donzellotti, Giuseppe"]
[Black "Grammatica, Andrea"]
[Result "1/2-1/2"]
[WhiteElo "2027"]
[BlackElo "2111"]
[PlyCount "62"]
[EventDate "2013.11.20"]
[EventType "tourn (corr)"]
[EventRounds "6"]
[EventCountry "GER"]
[SourceTitle "Corr 2015"]
[Source "ChessBase"]
[SourceDate "2015.07.17"]
[SourceVersion "1"]
[SourceVersionDate "2015.07.17"]
[SourceQuality "1"]

1. c4 g6 2. d4 Nf6 3. Nc3 d5 4. Nf3 Bg7 5. Qb3 dxc4 6. Qxc4 0-0 7. e4 a6 8. Qb3 b5 9. e5 Nfd7 10. Be3 c5 11. e6 cxd4 12. exf7+ Rxf7 13. Nxd4 Nc5 14. Qd5 Qxd5 15. Nxd5 Nbd7 16. Rd1 Bb7 17. Nc7 Rc8 18. Nde6 Bxb2 19. Bxc5 Nxc5 20. Nxc5 Rf5 21. N7xa6 Bxa6 22. Nxa6 Bc3+ 23. Ke2 Rf6 24. Ke3 Re6+ 25. Kf3 Rxa6 26. Bxb5 Rxa2 27. Rhf1 Rf8+ 28. Ke3 Kg7 29. Bc4 Ra4 30. Bd5 e5 31. Ke2 Ra5 1/2-1/2

[Event "SA-2013-0-00383"]
[Site "LSS email"]
[Date "2013.12.15"]
[Round "?"]
[White "Gruber, Rudolf"]
[Black "Donzellotti, Giuseppe"]
[Result "1-0"]
[WhiteElo "2138"]
[BlackElo "2027"]
[PlyCount "143"]
[EventDate "2013.11.20"]
[EventType "tourn (corr)"]
[EventRounds "6"]
[EventCountry "GER"]
[SourceTitle "Corr 2015"]
[Source "ChessBase"]
[SourceDate "2015.07.17"]
[SourceVersion "1"]
[SourceVersionDate "2015.07.17"]
[SourceQuality "1"]

1. e4 b6 2. d4 Bb7 3. Bd3 Nf6 4. Qe2 Nc6 5. c3 e5 6. Nf3 d6 7. a3 Be7 8. 0-0 0-0 9. h3 a5 10. Re1 h6 11. Be3 a4 12. Nbd2 Qc8 13. Nh4 Bd8 14. Qd1 Ng4 15. hxg4 Bxh4 16. d5 Ne7 17. g3 Bg5 18. Bxg5 hxg5 19. Qf3 c6 20. Nc4 Qc7 21. dxc6 Bxc6 22. Ne3 Qb7 23. Qh1 Rad8 24. Rad1 b5 25. Bb1 Qc8 26. Ba2 Bb7 27. Rd2 Qc5 28. f3 d5 29. Qh5 Qb6 30. Qxg5 dxe4 31. Rh2 Bd5 32. Qh5 f5 33. Qh7+ Kf7 34. Bxd5+ Nxd5 35. Qxf5+ Kg8 36. Qh7+ Kf7 37. Qxe4 Rfe8 38. g5 Nxe3 39. Rxe3 Qg6 40. Qxg6+ Kxg6 41. Rhe2 Kf5 42. Re4 Rd5 43. f4 Red8 44. fxe5 Kxg5 45. e6 Re8 46. e7 Kg6 47. Kg2 Rd7 48. Re5 Rb7 49. Kf3 Kf6 50. Kf4 Kf7 51. Kf5 Rb6 52. R2e3 Rf6+ 53. Kg4 Rb6 54. Rf3+ Kg8 55. Kg5 Rb7 56. Rfe3 Kf7 57. R3e4 Rb6 58. g4 Rb7 59. Kf4 Kg8 60. Ke3 Rd7 61. Rxb5 Rdxe7 62. Rxe7 Rxe7+ 63. Kd4 Kf7 64. Rf5+ Kg8 65. Rf2 Re1 66. c4 Kh7 67. Rc2 Rg1 68. c5 Rxg4+ 69. Kd5 Rf4 70. c6 Rf8 71. Ke6 g5 72. c7 1-0

[Event "SA-2013-0-00383"]
[Site "LSS email"]
[Date "2013.12.15"]
[Round "?"]
[White "Vujadinovic, Milan"]
[Black "Donzellotti, Giuseppe"]
[Result "1/2-1/2"]
[WhiteElo "1996"]
[BlackElo "2027"]
[PlyCount "39"]
[EventDate "2013.11.20"]
[EventType "tourn (corr)"]
[EventRounds "6"]
[EventCountry "GER"]
[SourceTitle "Corr 2015"]
[Source "ChessBase"]
[SourceDate "2015.07.17"]
[SourceVersion "1"]
[SourceVersionDate "2015.07.17"]
[SourceQuality "1"]

1. b3 e5 2. Bb2 Nc6 3. e3 Nf6 4. Bb5 Bd6 5. Na3 Na5 6. Be2 a6 7. Nf3 Qe7 8. Nb1 0-0 9. d4 exd4 10. Nxd4 Be5 11. Nc3 Nc6 12. Nf3 Bxc3+ 13. Bxc3 Ne4 14. Bb2 Qb4+ 15. Nd2 Nc3 16. Bxc3 Qxc3 17. 0-0 d6 18. Ne4 Qe5 19. Ng3 Re8 20. Qd2 1/2-1/2

[Event "SA-2013-0-00341"]
[Site "LSS email"]
[Date "2013.04.20"]
[Round "?"]
[White "Kolanek, Roman"]
[Black "Donzellotti, Giuseppe"]
[Result "1-0"]
[WhiteElo "2164"]
[BlackElo "2135"]
[PlyCount "133"]
[EventDate "2013.03.19"]
[EventType "tourn (corr)"]
[EventRounds "6"]
[EventCountry "GER"]
[SourceTitle "Corr 2022"]
[Source "ChessBase"]
[SourceDate "2021.10.24"]
[SourceVersion "1"]
[SourceVersionDate "2021.10.24"]
[SourceQuality "1"]

1. d4 d5 2. c4 c6 3. Nf3 Nf6 4. e3 Bf5 5. Nc3 e6 6. Nh4 Bg6 7. Nxg6 hxg6 8. Bd2 Nbd7 9. h3 Be7 10. Be2 dxc4 11. Bxc4 Nb6 12. Be2 Qc7 13. 0-0 0-0-0 14. Rc1 Kb8 15. a4 a6 16. Qb3 Nbd7 17. Rfd1 Qb6 18. Qc2 g5 19. e4 e5 20. dxe5 Nxe5 21. a5 Qc7 22. Bxg5 Qxa5 23. Bf4 Rxd1+ 24. Rxd1 Qc7 25. Bh2 Bd6 26. Kf1 Bb4 27. Qb3 Bxc3 28. Qxc3 Re8 29. f3 Kc8 30. Kg1 b5 31. h4 a5 32. Kh1 Kb7 33. b3 b4 34. Qa1 g5 35. Rd2 Nfd7 36. Ra2 Ra8 37. hxg5 Rh8 38. Rxa5 Rxh2+ 39. Kg1 Qb8 40. f4 Rh4 41. g3 Rh8 42. fxe5 Rd8 43. Qd4 Nb6 44. Qxb4 Qc7 45. Qa3 Ra8 46. Ba6+ Rxa6 47. Rxa6 Qxe5 48. Ra7+ Kb8 49. Rxf7 Qxg3+ 50. Kf1 Qh3+ 51. Ke2 Qh5+ 52. Rf3 Kb7 53. Qd6 Qg4 54. Qf4 Qg2+ 55. Rf2 Qh3 56. Qf3 Qh4 57. g6 Nc8 58. g7 Ne7 59. b4 Qg5 60. Qf6 Qg4+ 61. Kd2 Qd7+ 62. Kc3 Qh3+ 63. Rf3 Qd7 64. Rd3 Qc7 65. Kc4 Kb6 66. Ra3 Kb7 67. Qf8 1-0

[Event "SA-2013-0-00341"]
[Site "LSS email"]
[Date "2013.04.19"]
[Round "?"]
[White "Donzellotti, Giuseppe"]
[Black "Olivas Montiel, Carlos Fernando"]
[Result "0-1"]
[WhiteElo "2135"]
[BlackElo "2078"]
[PlyCount "104"]
[EventDate "2013.03.19"]
[EventType "tourn (corr)"]
[EventRounds "6"]
[EventCountry "GER"]
[SourceTitle "Corr 2022"]
[Source "ChessBase"]
[SourceDate "2021.10.24"]
[SourceVersion "1"]
[SourceVersionDate "2021.10.24"]
[SourceQuality "1"]

1. e4 e6 2. d4 d5 3. e5 c5 4. c3 Nc6 5. g3 Qa5 6. dxc5 Qc7 7. Be3 Nxe5 8. b4 Be7 9. Bf4 Bf6 10. Bb5+ Bd7 11. a4 a5 12. Qe2 axb4 13. Bxd7+ Kxd7 14. cxb4 g5 15. Bd2 Nc6 16. Ra2 h5 17. a5 Nge7 18. Na3 Nf5 19. Nb5 Qd8 20. Qd3 g4 21. h4 Ke7 22. Kf1 Ne5 23. Qe2 Qd7 24. Bf4 d4 25. Bxe5 Bxe5 26. Qxe5 Qxb5+ 27. Ne2 Rhd8 28. Kg1 Qc4 29. Ra1 d3 30. Nf4 f6 31. Qb2 e5 32. Ng2 d2 33. Kh2 Nd4 34. Rhf1 Qxf1 35. Rxf1 Nf3+ 36. Kh1 d1Q 37. Ne3 Qd3 38. Qb1 Nd2 39. Qxd3 Rxd3 40. Rc1 Ne4 41. Kg2 Rd2 42. c6 bxc6 43. Kg1 c5 44. Rc4 Rd4 45. Nf5+ Ke6 46. Nxd4+ exd4 47. bxc5 Kd5 48. Rc1 d3 49. c6 d2 50. Rd1 Kxc6 51. Kf1 Rxa5 52. Ke2 Nc3+ 0-1

[Event "SA-2013-0-00329"]
[Site "LSS email"]
[Date "2013.01.30"]
[Round "?"]
[White "Avellan, Gerardo"]
[Black "Donzellotti, Giuseppe"]
[Result "1-0"]
[WhiteElo "2073"]
[BlackElo "2039"]
[PlyCount "121"]
[EventDate "2013.01.06"]
[EventType "tourn (corr)"]
[EventRounds "6"]
[EventCountry "GER"]
[SourceTitle "Telechess CBM 167"]
[Source "ChessBase"]
[SourceDate "2015.07.13"]
[SourceVersion "1"]
[SourceVersionDate "2015.07.13"]
[SourceQuality "1"]

1. d4 Nf6 2. c4 e5 3. dxe5 Ng4 4. Bf4 Nc6 5. Nf3 Bb4+ 6. Nc3 Qe7 7. Qb3 Ba5 8. Rd1 0-0 9. e3 Ngxe5 10. Nxe5 Nxe5 11. Rd5 Ng6 12. Rxa5 Nxf4 13. Qa3 Qxa3 14. Rxa3 Ne6 15. g3 d6 16. Bg2 a6 17. b4 Bd7 18. h4 c6 19. 0-0 Nc7 20. Ne4 Ne8 21. Rd1 Be6 22. Rc3 Bxc4 23. Rxc4 d5 24. Rcd4 dxe4 25. Rxe4 Nf6 26. Re7 Rab8 27. g4 Rfe8 28. Rxe8+ Nxe8 29. g5 Nc7 30. a4 Ne6 31. Bh3 Rd8 32. Rxd8+ Nxd8 33. f4 Kf8 34. Kf2 Ke7 35. e4 Kd6 36. Ke3 f6 37. Kd4 b6 38. e5+ fxe5+ 39. fxe5+ Ke7 40. Bf5 g6 41. Bc8 a5 42. bxa5 bxa5 43. Bh3 Nf7 44. Bf1 h6 45. e6 Nd8 46. gxh6 Nxe6+ 47. Ke5 Nf8 48. Bh3 Nh7 49. Kd4 Kd6 50. Bf1 Nf8 51. Bd3 Ne6+ 52. Ke4 Nf8 53. Kf4 Ke7 54. Kg5 Kf7 55. Bc4+ Ke7 56. Bg8 Kd6 57. h7 Nxh7+ 58. Bxh7 Kc5 59. Bxg6 Kb4 60. h5 Kxa4 61. h6 1-0

[Event "SA-2013-0-00329"]
[Site "LSS email"]
[Date "2013.01.29"]
[Round "?"]
[White "Donzellotti, Giuseppe"]
[Black "De Waele, Willy"]
[Result "1/2-1/2"]
[WhiteElo "2039"]
[BlackElo "1928"]
[PlyCount "90"]
[EventDate "2013.01.06"]
[EventType "tourn (corr)"]
[EventRounds "6"]
[EventCountry "GER"]
[SourceTitle "Telechess CBM 167"]
[Source "ChessBase"]
[SourceDate "2015.07.13"]
[SourceVersion "1"]
[SourceVersionDate "2015.07.13"]
[SourceQuality "1"]

1. e4 c5 2. d4 cxd4 3. c3 dxc3 4. Nxc3 Nc6 5. Nf3 e6 6. Bc4 d6 7. 0-0 Nf6 8. Qe2 Be7 9. Rd1 e5 10. Be3 0-0 11. Rac1 Be6 12. b4 Bxc4 13. Qxc4 Rc8 14. Qb3 Qd7 15. Nd5 Rfe8 16. b5 Na5 17. Qd3 Nxd5 18. Qxd5 Qe6 19. Bxa7 Qxd5 20. exd5 Nc4 21. Rc3 Ra8 22. Rxc4 Rxa7 23. Rc7 Bd8 24. Rd7 Bb6 25. Nd2 Rd8 26. Rxd8+ Bxd8 27. Ne4 Rxa2 28. Nxd6 Kf8 29. Nxb7 Bb6 30. Rc1 Rxf2 31. Rc8+ Ke7 32. d6+ Ke6 33. Nc5+ Bxc5 34. Rxc5 Rd2 35. b6 Rxd6 36. b7 Rd1+ 37. Kf2 Rb1 38. Rc7 g6 39. Ke3 h5 40. Kd3 f5 41. Kc4 Kd6 42. Rg7 h4 43. Rxg6+ Kc7 44. Rg7+ Kb8 45. Rh7 Rb2 1/2-1/2